|
|
|
|
| LEADER |
01188nam a2200265 a 4500 |
| 001 |
358236 |
| 008 |
090817s1990 txua b 001 0 eng d |
| 020 |
|
|
|a 0811413667
|
| 040 |
|
|
|a IBS
|c IBS
|d NJT
|
| 082 |
0 |
4 |
|a 428.1
|2 20
|
| 100 |
1 |
|
|a Fox, Jeremy
|
| 245 |
0 |
0 |
|a Steck-Vaughn spelling /
|c John R. Pescosolido ; consultants, Sister Sarah Page ... [et al.].
|
| 260 |
|
|
|a Austin, Tex. :
|b Steck-Vaughn, ;
|a New Delhi :
|b Worldview,
|c 1990.
|
| 300 |
|
|
|a 224 p. :
|b ill. ;
|c 28cm.
|
| 500 |
|
|
|a For grades 1-8.
|
| 541 |
1 |
|
|e 00006370
|
| 650 |
|
0 |
|a Spellers
|
| 650 |
|
0 |
|a Vocabulary
|x Study and teaching (Elementary)
|
| 650 |
|
0 |
|a English language
|x Orthography and spelling.
|
| 700 |
1 |
|
|a Pescosolido, John R.
|
| 710 |
2 |
|
|a Steck-Vaughn Company.
|
| 852 |
4 |
|
|a Ayesha Abed Library
|j General shelf
|
| 999 |
|
|
|c 3216
|d 3216
|
| 952 |
|
|
|0 0
|1 0
|2 ddc
|4 0
|6 428_100000000000000_PES_1977
|7 0
|9 2912
|a BRACUL
|b BRACUL
|c GEN
|d 2009-08-30
|g 0.00
|l 2
|m 3
|o 428.1 PES
|p 3010006369
|r 2014-05-30
|s 2014-05-23
|t 1
|w 2009-08-30
|y BK
|x No price found in the accession register.
|
| 952 |
|
|
|0 0
|1 0
|2 ddc
|4 0
|6 428_100000000000000_PES_1977
|7 0
|9 9620
|a BRACUL
|b BRACUL
|c GEN
|d 2010-05-02
|l 3
|o 428.1 PES
|p 3010006370
|r 2011-07-21
|s 2011-07-19
|t 2
|w 2010-05-02
|y BK
|